[Event "SK Herne-Sodingen 1 - LSV Turm Lippstad"]
[Site "NRW-Klasse, Gruppe 2 2013/201"]
[Date "2014.04.06"]
[Round "8.2"]
[White "Langers, Alexander"]
[Black "Matthias, Heiner"]
[Result "1/2-1/2"]
[WhiteElo "2196"]
[BlackElo "2311"]
[PlyCount "162"]
[EventDate "2014.??.??"]
[WhiteTeam "SK Herne-Sodingen 1"]
[BlackTeam "LSV Turm Lippstadt 1"]

1. c4 e5 2. Nc3 Bb4 3. Nf3 Bxc3 4. dxc3 Nc6 5. Bg5 f6 6. Bh4 Nge7 7. e4 d6 8.
Qd2 O-O 9. Be2 Qe8 10. O-O Be6 11. Ne1 f5 12. Bxe7 Nxe7 13. exf5 Nxf5 14. Nc2
Qg6 15. Bd3 Qf7 16. b3 Rad8 17. f4 Qh5 18. Be4 c6 19. Rae1 Nh4 20. fxe5 dxe5
21. Qe3 Rxf1+ 22. Rxf1 a5 23. Ne1 Bc8 24. Nd3 Re8 25. Qf2 Rd8 26. a4 Ng6 27.
Qf7+ Kh8 28. Qc7 Re8 29. Qxa5 Qe2 30. Re1 Qd2 31. Rf1 Qe3+ 32. Nf2 Nf4 33. Qc7
Ne2+ 34. Kh1 Nxc3 35. Qf7 Rg8 36. Bf3 e4 37. Qe7 Bf5 38. Bh5 Qd4 39. Nd1 g6 40.
Nxc3 Qxc3 41. Be2 Qg7 42. Qxg7+ Kxg7 43. g4 Bc8 44. Kg2 Rd8 45. Kf2 Rd2 46. Ke3
Rb2 47. h4 Rxb3+ 48. Kxe4 Rb4 49. Ra1 Be6 50. Kd4 Rb2 51. Re1 Ra2 52. Bd1 Kf7
53. Kc5 Ra1 54. g5 Ke7 55. Kb6 Kd7 56. Rf1 Rb1+ 57. Kc5 b6+ 58. Kd4 Kd6 59. Be2
Rb2 60. Bd3 Ra2 61. Rb1 Rh2 62. Rxb6 Rxh4+ 63. Ke3 Bxc4 64. Be4 Bd5 65. Bxd5
Kxd5 66. a5 Rg4 67. Rb7 Rxg5 68. Rxh7 Rg3+ 69. Kd2 Kc4 70. a6 Rg2+ 71. Kc1 Ra2
72. a7 c5 73. Rh4+ Kb3 74. Rh3+ Kb4 75. Rg3 Rxa7 76. Rxg6 c4 77. Kb2 Rh7 78.
Rb6+ Kc5 79. Rg6 Rh2+ 80. Kc3 Rh3+ 81. Kc2 Rh2+ 1/2-1/2

[Event "SK Herne-Sodingen 1 - LSV Turm Lippstad"]
[Site "NRW-Klasse, Gruppe 2 2013/201"]
[Date "2014.04.06"]
[Round "8.3"]
[White "Schroeder, Kevin"]
[Black "Wickenfeld, Stefan"]
[Result "1-0"]
[WhiteElo "2171"]
[BlackElo "2178"]
[PlyCount "61"]
[EventDate "2014.??.??"]
[WhiteTeam "LSV Turm Lippstadt 1"]
[BlackTeam "SK Herne-Sodingen 1"]

1. e4 d5 2. exd5 Nf6 3. Nf3 Nxd5 4. d4 Bg4 5. Be2 e6 6. O-O Be7 7. c4 Nb6 8.
Ne5 Bxe2 9. Qxe2 O-O 10. Rd1 N8d7 11. Nc3 c6 12. Bf4 Bg5 13. Bg3 Nf6 14. Rd3
Qe7 15. f4 Bh6 16. Bh4 Qc7 17. Rf1 Nbd7 18. g4 c5 19. g5 cxd4 20. Nb5 Qb6 21.
gxf6 Nc5 22. fxg7 Bxg7 23. Rg3 d3 24. Rxg7+ Kh8 25. Qe3 f6 26. Rg3 Rad8 27. b4
d2 28. Bxf6+ Rxf6 29. Nf7+ Rxf7 30. Qe5+ Rf6 31. Qxf6# 1-0

[Event "SK Herne-Sodingen 1 - LSV Turm Lippstad"]
[Site "NRW-Klasse, Gruppe 2 2013/201"]
[Date "2014.04.06"]
[Round "8.4"]
[White "Waldschmidt, Georg"]
[Black "Wagner, Alexej"]
[Result "1-0"]
[WhiteElo "2197"]
[BlackElo "2232"]
[PlyCount "81"]
[EventDate "2014.??.??"]
[WhiteTeam "SK Herne-Sodingen 1"]
[BlackTeam "LSV Turm Lippstadt 1"]

1. e4 c5 2. c3 d5 3. exd5 Qxd5 4. d4 Nf6 5. Nf3 e6 6. Be3 cxd4 7. cxd4 Bb4+ 8.
Nc3 O-O 9. Be2 b6 10. Ne5 Bb7 11. Bf3 Ne4 12. O-O Bxc3 13. bxc3 Nd7 14. c4 Qd6
15. Bf4 Nxe5 16. Bxe5 Qe7 17. Re1 f5 18. Bxe4 fxe4 19. Re3 Rf5 20. Rg3 Rg5 21.
Qb3 Rc8 22. Rc1 Rxg3 23. Qxg3 Bd5 24. c5 Bxa2 25. c6 a5 26. c7 g6 27. h4 b5 28.
Ra1 Bc4 29. Rxa5 b4 30. h5 b3 31. d5 Bxd5 32. hxg6 b2 33. gxh7+ Kxh7 34. Qh3+
Kg6 35. Bxb2 Rxc7 36. Qg3+ Kh7 37. Ra3 e3 38. Rxe3 Rc4 39. Qe5 Rh4 40. Qh8+ Kg6
41. Rg3+ 1-0

[Event "SK Herne-Sodingen 1 - LSV Turm Lippstad"]
[Site "NRW-Klasse, Gruppe 2 2013/201"]
[Date "2014.04.06"]
[Round "8.5"]
[White "Grobbel, Rainer"]
[Black "Trzaska, Peter"]
[Result "1-0"]
[WhiteElo "2089"]
[BlackElo "2079"]
[Annotator "Doe,John"]
[PlyCount "103"]
[EventDate "2014.??.??"]
[WhiteTeam "LSV Turm Lippstadt 1"]
[BlackTeam "SK Herne-Sodingen 1"]

1. d4 d5 2. c4 dxc4 3. Nf3 Nd7 4. e4 Nb6 5. Ne5 Nf6 6. Nc3 e6 7. Be3 Be7 8. Rc1
O-O 9. Nxc4 Nxc4 10. Bxc4 a6 11. O-O b5 $11 12. Bd3 Bb7 13. f3 Rc8 14. a4 b4
15. Ne2 c5 16. dxc5 Qa5 17. c6 Rxc6 18. Rxc6 Bxc6 19. b3 Bc5 20. Qc1 Nd7 21.
Rd1 Qb6 22. Kf2 Rc8 23. Bxc5 Nxc5 24. Qe3 Bb7 25. Bc4 h6 26. Nf4 Qc7 27. g3 Qe5
28. Nd3 Nxd3+ 29. Qxd3 a5 30. Qd4 Qxd4+ 31. Rxd4 Bc6 32. Ba6 Ra8 33. Bd3 Kf8
34. Rc4 Bd7 35. Rc5 f6 36. f4 Ke7 37. e5 g5 38. Ke3 gxf4+ 39. gxf4 fxe5 40.
fxe5 Ra7 41. Be4 Be8 42. Bd3 Bh5 43. Bc4 Bg4 44. h4 Bf5 45. Rc6 Kf7 46. Kd4
Rd7+ 47. Rd6 Ke7 48. Rxd7+ Kxd7 49. Kc5 Be4 50. Kb6 Bd5 51. Bxd5 exd5 52. Kxa5
1-0

[Event "SK Herne-Sodingen 1 - LSV Turm Lippstad"]
[Site "NRW-Klasse, Gruppe 2 2013/201"]
[Date "2014.04.06"]
[Round "8.6"]
[White "Graw, Christopher"]
[Black "Kuckling, Hannah"]
[Result "1-0"]
[WhiteElo "2159"]
[BlackElo "1991"]
[PlyCount "107"]
[EventDate "2014.??.??"]
[WhiteTeam "SK Herne-Sodingen 1"]
[BlackTeam "LSV Turm Lippstadt 1"]

1. d4 Nf6 2. c4 g6 3. Nc3 Bg7 4. e4 d6 5. Be2 O-O 6. Bg5 Nbd7 7. Qd2 e5 8. d5
a5 9. Bd1 Nc5 10. f3 Bd7 11. Nge2 Qe8 12. Bc2 b5 13. cxb5 Bxb5 14. O-O Ba6 15.
Rfc1 Rb8 16. b3 Nfd7 17. g4 f6 18. Be3 Qe7 19. Rab1 Rb7 20. Ng3 Rfb8 21. Nd1
Rb4 22. a3 Nxb3 23. Bxb3 Rxb3 24. Rxb3 Rxb3 25. Qxa5 Bb5 26. a4 Bd3 27. Rc3
Rxc3 28. Qxc3 Ba6 29. Qxc7 Bf8 30. Qa7 Bc8 31. Nc3 Nc5 32. Qb8 Qb7 33. Qxb7
Bxb7 34. Kf2 Na6 35. Ke2 Nb4 36. Kd2 Be7 37. Nb5 Kf7 38. Kc3 Na6 39. Nf1 Ke8
40. Nd2 Kd7 41. Nc4 Bf8 42. Bc1 Nc5 43. Nb6+ Kd8 44. Ba3 Ba6 45. Bxc5 dxc5 46.
Nc4 Kd7 47. Nb2 Kc8 48. Kc4 Kb7 49. a5 Be7 50. Na4 Bxb5+ 51. Kxb5 c4 52. Kxc4
Ka6 53. Nc5+ Kxa5 54. d6 1-0

[Event "SK Herne-Sodingen 1 - LSV Turm Lippstad"]
[Site "NRW-Klasse, Gruppe 2 2013/201"]
[Date "2014.04.06"]
[Round "8.8"]
[White "Becker, Joerg"]
[Black "Hagenhoff, Georg"]
[Result "1-0"]
[WhiteElo "2149"]
[BlackElo "1836"]
[PlyCount "57"]
[EventDate "2014.??.??"]
[WhiteTeam "SK Herne-Sodingen 1"]
[BlackTeam "LSV Turm Lippstadt 1"]

1. d4 d5 2. Nf3 Nf6 3. Bg5 e6 4. Nbd2 Be7 5. e3 Nbd7 6. Bd3 c5 7. c3 b6 8. Ne5
Nxe5 9. dxe5 Nd7 10. Bxe7 Qxe7 11. f4 c4 12. Bc2 Nc5 13. O-O O-O 14. Nf3 h6 15.
Nd4 f5 16. exf6 Rxf6 17. Nc6 Qc7 18. Ne5 Bb7 19. Qh5 Ne4 20. Bxe4 dxe4 21. Rad1
Bd5 22. g4 Qc5 23. Qh3 Bc6 24. Rd4 b5 25. Rfd1 Raf8 26. g5 hxg5 27. fxg5 Rf5
28. g6 Rg5+ 29. Kh1 1-0

[Event "SV Würselen 1 - SF Neuenkirchen 1"]
[Site "NRW-Klasse, Gruppe 2 2013/201"]
[Date "2014.04.06"]
[Round "8.1"]
[White "Muschik, Benedikt"]
[Black "Hovhanisian, Mher"]
[Result "1/2-1/2"]
[WhiteElo "2285"]
[BlackElo "2499"]
[PlyCount "87"]
[EventDate "2014.??.??"]
[WhiteTeam "SF Neuenkirchen 1"]
[BlackTeam "SV Würselen 1"]

1. d4 d5 2. Bf4 Nf6 3. e3 g6 4. Be2 Bg7 5. Nd2 O-O 6. c3 b6 7. Ngf3 Bb7 8. Ne5
c5 9. O-O Nbd7 10. a4 a6 11. Qb3 Nxe5 12. Bxe5 Nd7 13. Bxg7 Kxg7 14. f4 Qc7 15.
Qd1 f6 16. Qe1 Bc6 17. Qh4 Qd6 18. Rf3 Rf7 19. Bd3 Nf8 20. Rh3 Kh8 21. a5 bxa5
22. Rxa5 c4 23. Bc2 Rb8 24. Ra2 Rb6 25. Qe1 Qb8 26. Qa1 e6 27. Nf1 Qb7 28. Rf3
Re7 29. h3 Re8 30. Rf2 Rb8 31. Bd1 Kg7 32. Nh2 Nd7 33. Bf3 a5 34. Bd1 Ra6 35.
Nf3 a4 36. Bxa4 Bxa4 37. Rxa4 Rxa4 38. Qxa4 Ra8 39. Qc2 Ra2 40. Re2 Nb6 41. Qb1
Qa6 42. Re1 Qa4 43. Nd2 f5 44. Rd1 1/2-1/2

[Event "SV Würselen 1 - SF Neuenkirchen 1"]
[Site "NRW-Klasse, Gruppe 2 2013/201"]
[Date "2014.04.06"]
[Round "8.2"]
[White "Cekro, Ekrem"]
[Black "Rieke, Theo"]
[Result "1-0"]
[WhiteElo "2360"]
[BlackElo "2000"]
[PlyCount "99"]
[EventDate "2014.??.??"]
[WhiteTeam "SV Würselen 1"]
[BlackTeam "SF Neuenkirchen 1"]

1. c4 g6 2. g3 Bg7 3. Bg2 d6 4. Nc3 e5 5. e3 Nc6 6. Nge2 f5 7. d3 Nf6 8. O-O
O-O 9. f4 Be6 10. Nd5 Qd7 11. Nec3 Nd8 12. e4 c6 13. exf5 gxf5 14. Nxf6+ Rxf6
15. Be3 Nf7 16. Qe2 Re8 17. Rae1 a6 18. d4 Qc7 19. dxe5 dxe5 20. fxe5 Qxe5 21.
Qf2 Qb8 22. Bf4 Qc8 23. Na4 Bh6 24. b3 Bxf4 25. Qxf4 Qd8 26. Rd1 Qe7 27. Rfe1
Rd8 28. Rxd8+ Qxd8 29. Nc5 Bc8 30. Qe3 Rd6 31. Bf3 b6 32. Na4 Re6 33. Qf2 Rxe1+
34. Qxe1 Qd4+ 35. Qf2 Ne5 36. Be2 Qxf2+ 37. Kxf2 b5 38. Nc5 Kf7 39. Ke3 Ke7 40.
Nd3 Nxd3 41. Bxd3 Be6 42. Kd4 bxc4 43. bxc4 Kf6 44. Be2 a5 45. Bf3 Bd7 46. a3
h6 47. Kc5 Ke5 48. Bxc6 Bc8 49. Kb6 Kd4 50. c5 1-0

[Event "SV Würselen 1 - SF Neuenkirchen 1"]
[Site "NRW-Klasse, Gruppe 2 2013/201"]
[Date "2014.04.06"]
[Round "8.3"]
[White "Buendgen, Achim"]
[Black "Goossens, Etienne"]
[Result "1/2-1/2"]
[WhiteElo "2184"]
[BlackElo "2209"]
[PlyCount "116"]
[EventDate "2014.??.??"]
[WhiteTeam "SF Neuenkirchen 1"]
[BlackTeam "SV Würselen 1"]

1. d4 Nf6 2. Bg5 Ne4 3. h4 f6 4. Bf4 Nc6 5. Nf3 d5 6. e3 Bg4 7. Be2 Qd7 8. Nbd2
O-O-O 9. Nxe4 dxe4 10. Nd2 Bxe2 11. Qxe2 Qf5 12. g4 Qa5 13. c3 g5 14. Bg3 gxh4
15. Rxh4 e5 16. Rh5 Qa4 17. dxe5 Nb4 18. b3 Qc6 19. cxb4 Bxb4 20. Rd1 Rxd2 21.
Rxd2 Rd8 22. Qc4 Qxc4 23. bxc4 fxe5 24. Bxe5 Rxd2 25. a3 Ba5 26. Bxc7 Bc3 27.
Be5 Rd4+ 28. Ke2 Rxc4 29. Bxc3 Rxc3 30. Rxh7 Rxa3 31. Re7 Ra4 32. g5 Ra2+ 33.
Ke1 Ra1+ 34. Kd2 Rg1 35. Re5 Kd7 36. Kc3 Kd6 37. Kd4 Rg4 38. Rf5 b6 39. Rf6+
Ke7 40. Rc6 Kd7 41. Rg6 Rg2 42. Rg7+ Ke6 43. Kxe4 Rxf2 44. Rxa7 Rb2 45. g6 Kf6
46. g7 Rg2 47. Rb7 Rg4+ 48. Kd5 Rg5+ 49. Kd4 b5 50. Rxb5 Rg4+ 51. e4 Kxg7 52.
Kd5 Kf7 53. Rb7+ Ke8 54. e5 Rg6 55. Ke4 Rh6 56. Kf5 Ra6 57. Rh7 Rb6 58. Rh8+
Ke7 1/2-1/2

[Event "SV Würselen 1 - SF Neuenkirchen 1"]
[Site "NRW-Klasse, Gruppe 2 2013/201"]
[Date "2014.04.06"]
[Round "8.4"]
[White "Verstraeten, Reinaert"]
[Black "Wilde, Pierre"]
[Result "1-0"]
[WhiteElo "2263"]
[BlackElo "2222"]
[PlyCount "77"]
[EventDate "2014.??.??"]
[WhiteTeam "SV Würselen 1"]
[BlackTeam "SF Neuenkirchen 1"]

1. d4 e6 2. c4 Nf6 3. Nc3 Bb4 4. e3 c5 5. Nge2 cxd4 6. exd4 O-O 7. c5 d6 8. a3
Bxc3+ 9. Nxc3 dxc5 10. dxc5 Qc7 11. Be3 Rd8 12. Qf3 Bd7 13. Be2 Bc6 14. Qh3 b6
15. cxb6 axb6 16. O-O Nbd7 17. Rac1 Qb7 18. Qg3 Nc5 19. Rfd1 Nce4 20. Nxe4 Nxe4
21. Qh4 Rxd1+ 22. Rxd1 Nf6 23. Bd4 Ne8 24. Rd3 Bd5 25. Rh3 h6 26. Rg3 Qc7 27.
Bc3 Kh7 28. Bd3+ f5 29. Qh5 Kg8 30. Bb5 Bc6 31. Bxc6 Qxc6 32. Qxh6 Ra7 33. Qh5
Nd6 34. Rh3 Ne8 35. Qh7+ Kf7 36. Rg3 Qe4 37. h3 Rd7 38. Bxg7 Rd1+ 39. Kh2 1-0

[Event "SV Würselen 1 - SF Neuenkirchen 1"]
[Site "NRW-Klasse, Gruppe 2 2013/201"]
[Date "2014.04.06"]
[Round "8.5"]
[White "Haves, Reinhard"]
[Black "Andok, Claus Michael"]
[Result "1/2-1/2"]
[WhiteElo "2151"]
[BlackElo "2079"]
[Annotator "Doe,John"]
[PlyCount "80"]
[EventDate "2014.??.??"]
[WhiteTeam "SF Neuenkirchen 1"]
[BlackTeam "SV Würselen 1"]

1. Nf3 g6 2. d4 Bg7 3. g3 d6 4. Bg2 c6 5. c4 Bg4 6. Nc3 Bxf3 7. Bxf3 Nd7 8. Bg2
e5 9. d5 c5 10. f4 a6 11. O-O Qe7 12. f5 f6 13. e4 Bh6 $11 14. Qf3 Bxc1 15.
Raxc1 g5 16. Qh5+ Qf7 17. Bf3 Qxh5 18. Bxh5+ Kf8 19. Kf2 Rb8 20. a4 Ne7 21. Ra1
Kg7 22. Rfb1 h6 23. Ke3 Rhc8 24. Kd2 Rh8 25. Kc2 Nb6 26. Kd3 Nd7 27. Ra3 Rhc8
28. Rba1 b6 29. Kc2 Rc7 30. Be2 Rcb7 31. Rb3 Nc8 32. Rba3 Na7 33. Kd2 a5 34.
Rh1 Rh8 35. Bh5 Rbb8 36. Rb3 Rhf8 37. Nd1 Rh8 38. Ne3 Rhf8 39. Nd1 Rh8 40. Ne3
Rhf8 1/2-1/2

[Event "SV Würselen 1 - SF Neuenkirchen 1"]
[Site "NRW-Klasse, Gruppe 2 2013/201"]
[Date "2014.04.06"]
[Round "8.6"]
[White "Bien, Stefan"]
[Black "Seegers, Hendrik"]
[Result "1/2-1/2"]
[WhiteElo "2050"]
[BlackElo "2159"]
[PlyCount "63"]
[EventDate "2014.??.??"]
[WhiteTeam "SV Würselen 1"]
[BlackTeam "SF Neuenkirchen 1"]

1. d4 d5 2. Nf3 e6 3. c3 Nf6 4. Bg5 Nbd7 5. e3 Be7 6. Bd3 b6 7. Qa4 O-O 8. Nbd2
Bb7 9. Ba6 Bxa6 10. Qxa6 Qc8 11. Qxc8 Rfxc8 12. Ne5 Bd6 13. Bxf6 Nxf6 14. Nc6
Nd7 15. c4 Nb8 16. cxd5 exd5 17. Rc1 Kf8 18. Ke2 Re8 19. Kd3 Re6 20. Rc2 Ke8
21. g3 Kd7 22. Rhc1 Nxc6 23. Rxc6 Re7 24. e4 dxe4+ 25. Nxe4 Rd8 26. Nxd6 cxd6
27. Rc7+ Ke8 28. Rxe7+ Kxe7 29. Rc7+ Rd7 30. Rxd7+ Kxd7 31. d5 Ke7 32. f4
1/2-1/2

[Event "SV Würselen 1 - SF Neuenkirchen 1"]
[Site "NRW-Klasse, Gruppe 2 2013/201"]
[Date "2014.04.06"]
[Round "8.7"]
[White "Hachmeister, Dirk"]
[Black "Blagojevic, Lubo"]
[Result "1/2-1/2"]
[WhiteElo "2188"]
[BlackElo "2033"]
[PlyCount "114"]
[EventDate "2014.??.??"]
[WhiteTeam "SF Neuenkirchen 1"]
[BlackTeam "SV Würselen 1"]

1. Nf3 d5 2. c4 e6 3. g3 c6 4. b3 Be7 5. Bb2 Bf6 6. Qc2 Bxb2 7. Qxb2 Qf6 8.
Qxf6 Nxf6 9. Na3 Nbd7 10. Bg2 O-O 11. O-O Re8 12. d4 Ne4 13. Rac1 f5 14. Rfd1
g5 15. Ne5 Kg7 16. Nd3 Nef6 17. e3 h5 18. Nb1 Nf8 19. Nd2 Ng6 20. Nf3 g4 21.
Nfe5 Rh8 22. Rc2 Nd7 23. Nxg6 Kxg6 24. Rdc1 Kf6 25. a4 a5 26. Nf4 Nb6 27. cxd5
exd5 28. h4 Be6 29. Bf1 Nc8 30. Rb2 Nd6 31. b4 axb4 32. Rxb4 Ra7 33. Be2 Bd7
34. Rcb1 Rh7 35. Bd1 Be8 36. Kf1 Rc7 37. Ke1 Bf7 38. Nd3 Ne4 39. Rb6 Ke7 40.
Rc1 Nd6 41. Rb4 Ne4 42. Nc5 Kd6 43. Be2 Be6 44. Nb3 Kd7 45. a5 Kd6 46. Rb6 Nf6
47. Bd3 Nd7 48. Rb4 Ra8 49. Kd2 Rb8 50. Rc2 Rbc8 51. Nc5 Nxc5 52. Rxc5 Ra8 53.
Rb6 Ra7 54. Kc3 Rc8 55. Kb4 Rca8 56. Be2 Kc7 57. Bf1 Bd7 1/2-1/2

[Event "SV Würselen 1 - SF Neuenkirchen 1"]
[Site "NRW-Klasse, Gruppe 2 2013/201"]
[Date "2014.04.06"]
[Round "8.8"]
[White "Popielas, Hans"]
[Black "Beckmann, Klaus"]
[Result "0-1"]
[WhiteElo "1788"]
[BlackElo "2071"]
[Annotator "Doe,John"]
[PlyCount "116"]
[EventDate "2014.??.??"]
[WhiteTeam "SV Würselen 1"]
[BlackTeam "SF Neuenkirchen 1"]

1. d4 d5 2. Nf3 Nf6 3. e3 e6 4. Bd3 c5 5. b3 Nc6 6. Bb2 cxd4 7. exd4 Bd6 8.
Nbd2 O-O 9. O-O b6 10. Ne5 Qc7 11. Ndf3 Nb4 12. Ba3 Nxd3 13. Bxd6 Qxd6 14. Qxd3
Bb7 15. a4 a5 16. Rfc1 Ba6 17. Qe3 $11 Rac8 18. Nd2 Rc7 19. f3 Rfc8 20. c3 Nd7
21. Nxd7 Qxd7 22. Nb1 h6 23. f4 Qe7 24. Re1 Qf6 25. Ra2 Qf5 26. Rd2 Rc6 27. h3
b5 28. axb5 Bxb5 29. Kh2 a4 30. bxa4 Bxa4 31. Rc1 Rb6 32. Na3 Rb3 33. Ra2 Bd7
34. Kg1 h5 35. Kh2 h4 36. Kg1 Rcb8 37. Kh2 Rc8 38. Kg1 g6 39. Kh2 Rcb8 40. Kg1
Ra8 41. Rca1 Rc8 42. Rc1 Ra8 43. Rca1 Rb7 44. Kh2 Rba7 45. Kg1 Bc6 46. Kh2 Rb8
47. Qe5 Qxe5 48. fxe5 Rba8 49. Kg1 Kg7 50. Kf2 Bb5 51. Rb2 Bc4 52. Nxc4 Rxa1
53. Ne3 R8a2 54. Rxa2 Rxa2+ 55. Kf3 Rd2 56. c4 Rxd4 57. c5 Ra4 58. c6 Ra6 0-1

[Event "SC Hansa Dortmund 2 - SG Solingen 3"]
[Site "NRW-Klasse, Gruppe 2 2013/201"]
[Date "2014.04.06"]
[Round "8.1"]
[White "Kniest, Oliver"]
[Black "Kotter, Ralf"]
[Result "1/2-1/2"]
[WhiteElo "2257"]
[BlackElo "2293"]
[PlyCount "96"]
[EventDate "2014.??.??"]
[WhiteTeam "SG Solingen 3"]
[BlackTeam "SC Hansa Dortmund 2"]

1. d4 Nf6 2. Nf3 e6 3. e3 b6 4. Bd3 Bb7 5. O-O c5 6. c4 Be7 7. Nc3 cxd4 8. exd4
O-O 9. d5 Na6 10. Bf4 d6 11. dxe6 fxe6 12. Ng5 e5 13. Bg3 Nc7 14. Bc2 Qe8 15.
Qd3 Qh5 16. f4 Rad8 17. Nd5 Nfxd5 18. cxd5 Bxg5 19. fxg5 Rxf1+ 20. Rxf1 Ba6 21.
Qf3 Qxf3 22. Rxf3 Bb7 23. g6 hxg6 24. Bxg6 Bxd5 25. Bh4 Rd7 26. Rc3 Bf7 27. Bf5
Be6 28. Rxc7 Bxf5 29. Rxd7 Bxd7 30. Be7 d5 31. Bd6 e4 32. Be5 Kf7 33. Kf2 g6
34. Ke3 Ke6 35. Bc3 Bb5 36. Kd4 Bf1 37. g3 Bc4 38. b3 Bd3 39. Bd2 Bb1 40. a3
Bc2 41. b4 Bb3 42. Bf4 a5 43. bxa5 bxa5 44. Bc7 a4 45. Bb6 Kf5 46. Ke3 Kg4 47.
Kf2 Kh3 48. Kg1 Kg4 1/2-1/2

[Event "SC Hansa Dortmund 2 - SG Solingen 3"]
[Site "NRW-Klasse, Gruppe 2 2013/201"]
[Date "2014.04.06"]
[Round "8.2"]
[White "Karger, Frank"]
[Black "Hobusch, Alexander"]
[Result "1-0"]
[WhiteElo "2231"]
[BlackElo "2187"]
[PlyCount "55"]
[EventDate "2014.??.??"]
[WhiteTeam "SC Hansa Dortmund 2"]
[BlackTeam "SG Solingen 3"]

1. d4 d5 2. c4 e6 3. Nc3 Nf6 4. Bg5 Be7 5. e3 O-O 6. Nf3 Nbd7 7. Rc1 dxc4 8.
Bxc4 a6 9. a4 c5 10. O-O cxd4 11. exd4 Nb6 12. Bb3 Bd7 13. Ne5 Rc8 14. Qf3 Bc6
15. Nxc6 Rxc6 16. Rfd1 h6 17. Bh4 Qc7 18. Bxf6 Bxf6 19. a5 Nc4 20. d5 Ne5 21.
Qe4 exd5 22. Nxd5 Qd8 23. Qf5 Rxc1 24. Rxc1 Nc6 25. Bc2 g6 26. Nxf6+ Kg7 27.
Nh5+ Kh8 28. Qf6+ 1-0

[Event "SC Hansa Dortmund 2 - SG Solingen 3"]
[Site "NRW-Klasse, Gruppe 2 2013/201"]
[Date "2014.04.06"]
[Round "8.3"]
[White "Neumair, Jerome"]
[Black "Sundorf, Jannik"]
[Result "1-0"]
[WhiteElo "2107"]
[BlackElo "2120"]
[PlyCount "63"]
[EventDate "2014.??.??"]
[WhiteTeam "SG Solingen 3"]
[BlackTeam "SC Hansa Dortmund 2"]

1. d4 Nf6 2. c4 e6 3. Nc3 d5 4. cxd5 Nxd5 5. e4 Nxc3 6. bxc3 c5 7. Nf3 cxd4 8.
cxd4 Bb4+ 9. Bd2 Qa5 10. Rb1 Bxd2+ 11. Qxd2 Qxd2+ 12. Kxd2 b6 13. Bb5+ Bd7 14.
Rhc1 O-O 15. Bxd7 Nxd7 16. Rc7 Nb8 17. Rbc1 Na6 18. R7c4 Rfd8 19. Ke3 b5 20.
R4c3 f5 21. Rb3 Rac8 22. Rxc8 Rxc8 23. exf5 Nc7 24. fxe6 Re8 25. Ke4 Rxe6+ 26.
Ne5 Ra6 27. a3 Ra4 28. Rc3 Ne8 29. Kd5 h6 30. Rc8 Kf8 31. Ke6 Ra6+ 32. Nc6 1-0

[Event "SC Hansa Dortmund 2 - SG Solingen 3"]
[Site "NRW-Klasse, Gruppe 2 2013/201"]
[Date "2014.04.06"]
[Round "8.4"]
[White "Rempel, Eugen"]
[Black "Auer, Martin"]
[Result "0-1"]
[WhiteElo "2153"]
[BlackElo "2140"]
[PlyCount "106"]
[EventDate "2014.??.??"]
[WhiteTeam "SC Hansa Dortmund 2"]
[BlackTeam "SG Solingen 3"]

1. e4 d6 2. d4 g6 3. Nc3 Bg7 4. Be3 a6 5. Qd2 Nd7 6. g4 b5 7. O-O-O Bb7 8. f3
h6 9. h4 Nb6 10. Nh3 e6 11. Bd3 Ne7 12. h5 g5 13. Ne2 d5 14. Nxg5 hxg5 15. Bxg5
Rf8 16. e5 c5 17. h6 Bh8 18. Ng3 Qc7 19. Nh5 O-O-O 20. Qa5 Rd7 21. Nf6 Nc6 22.
Nxd7 Kxd7 23. Qe1 Nxd4 24. f4 Nf3 25. Qg3 Nxg5 26. Rh5 c4 27. Rxg5 cxd3 28.
Rxd3 b4 29. h7 Qd8 30. Qf2 Nc8 31. Qc5 Qe7 32. Qa5 f6 33. Rh5 fxe5 34. fxe5 Rf7
35. Qa4+ Bc6 36. Qxa6 Rxh7 37. Rdh3 Rxh5 38. Rxh5 Bg7 39. Qf1 Kc7 40. Qf4 Be8
41. Rh3 Bg6 42. Qd4 Qf8 43. Kd2 Nb6 44. Ke2 Bxc2 45. a3 Kb7 46. Rf3 Qe8 47.
axb4 Be4 48. Rf1 Qg6 49. Ke1 Qxg4 50. Rf7+ Ka6 51. b5+ Kxb5 52. b4 Qg3+ 53. Rf2
Bf8 0-1

[Event "SC Hansa Dortmund 2 - SG Solingen 3"]
[Site "NRW-Klasse, Gruppe 2 2013/201"]
[Date "2014.04.06"]
[Round "8.5"]
[White "Zolfagharian, Kevin"]
[Black "Prueske, Wolfgang"]
[Result "1-0"]
[WhiteElo "2050"]
[BlackElo "2067"]
[PlyCount "41"]
[EventDate "2014.??.??"]
[WhiteTeam "SG Solingen 3"]
[BlackTeam "SC Hansa Dortmund 2"]

1. e4 c6 2. d4 d5 3. e5 Bf5 4. g4 Bd7 5. Nc3 a6 6. f4 e6 7. Be3 c5 8. Nf3 Qc7
9. dxc5 Bxc5 10. Bxc5 Qxc5 11. Qd2 b5 12. O-O-O b4 13. Ne2 Ne7 14. Ng3 a5 15.
Bd3 g6 16. h4 Nbc6 17. h5 Nd4 18. Nxd4 Qxd4 19. hxg6 Nxg6 20. Nh5 Ke7 21. Qe1
1-0

[Event "SC Hansa Dortmund 2 - SG Solingen 3"]
[Site "NRW-Klasse, Gruppe 2 2013/201"]
[Date "2014.04.06"]
[Round "8.6"]
[White "Linker, Walter"]
[Black "Peschel, Andreas"]
[Result "1-0"]
[WhiteElo "2056"]
[BlackElo "2053"]
[PlyCount "133"]
[EventDate "2014.??.??"]
[WhiteTeam "SC Hansa Dortmund 2"]
[BlackTeam "SG Solingen 3"]

1. f4 d5 2. Nf3 g6 3. e3 Bg7 4. Be2 Nh6 5. c4 c6 6. d4 O-O 7. Nc3 Na6 8. O-O
dxc4 9. Bxc4 b5 10. Bd3 b4 11. Ne4 Qb6 12. Ne5 Rd8 13. Re1 Bb7 14. Bxa6 Bxa6
15. Nc5 Rac8 16. Bd2 Bb7 17. Qa4 a5 18. Nc4 Qb5 19. Nxa5 Qxa4 20. Nxa4 Ba8 21.
Bxb4 Nf5 22. Bc5 Bh6 23. Nb6 Rc7 24. b4 g5 25. g3 Kh8 26. Kf2 Nd6 27. Bxd6 exd6
28. Rac1 c5 29. Nxa8 Rxa8 30. dxc5 dxc5 31. Re2 gxf4 32. gxf4 Bf8 33. Rec2 Rd7
34. Nc4 Rda7 35. bxc5 Bxc5 36. Ne5 Bd6 37. Nc4 Bc5 38. Kf3 f6 39. Nd2 Rxa2 40.
Rxa2 Rxa2 41. Ne4 Ba3 42. Rc7 Rxh2 43. Nxf6 Bb2 44. Nd5 Rd2 45. e4 h5 46. Kg3
Re2 47. Re7 Ba3 48. Re5 Kg7 49. Kf3 Rh2 50. Rg5+ Kf7 51. e5 Ke6 52. Nf6 h4 53.
f5+ Kf7 54. Ng4 Rb2 55. e6+ Ke7 56. Rg7+ Kd8 57. Rd7+ Kc8 58. Rd3 Bf8 59. f6
Rb7 60. Re3 Kd8 61. Ne5 Rc7 62. Ng6 Bb4 63. Nxh4 Rc3 64. Nf5 Rxe3+ 65. Kxe3 Bc3
66. e7+ Kd7 67. f7 1-0

[Event "SC Hansa Dortmund 2 - SG Solingen 3"]
[Site "NRW-Klasse, Gruppe 2 2013/201"]
[Date "2014.04.06"]
[Round "8.7"]
[White "Porstmann, Jan"]
[Black "Dawid, Adalbert"]
[Result "0-1"]
[WhiteElo "1800"]
[BlackElo "1877"]
[Annotator "Doe,John"]
[PlyCount "78"]
[EventDate "2014.??.??"]
[WhiteTeam "SG Solingen 3"]
[BlackTeam "SC Hansa Dortmund 2"]

1. e4 e6 2. d4 d5 3. Nc3 Bb4 4. e5 c5 5. a3 Bxc3+ 6. bxc3 Ne7 7. Nf3 Nbc6 8.
Bd3 Qa5 9. Bd2 c4 10. Be2 Bd7 11. h4 O-O-O 12. O-O f6 13. Qe1 Qc7 14. Bf4 Ng6
15. Bh2 f5 16. Qd2 Rdg8 17. Ng5 Nd8 18. Bg3 f4 19. Bh2 Nxh4 20. Bxf4 h6 21. Nf3
Nf5 22. g4 Ne7 23. a4 g5 24. Bg3 Be8 25. Kg2 Bg6 26. Nh2 Nf7 27. f4 $11 Be4+
28. Kg1 h5 29. f5 exf5 30. gxf5 Nxf5 31. Be1 g4 32. Rf4 Ng5 33. Kf1 Nh3 34.
Rxf5 Bxf5 35. Qe3 Rf8 36. Kg2 Be4+ 37. Kg3 Qg7 38. Nf1 h4+ 39. Kh2 Nf4 0-1

[Event "SC Hansa Dortmund 2 - SG Solingen 3"]
[Site "NRW-Klasse, Gruppe 2 2013/201"]
[Date "2014.04.06"]
[Round "8.8"]
[White "Begna, Bozidar"]
[Black "Borkott, Frank"]
[Result "1/2-1/2"]
[WhiteElo "1902"]
[BlackElo "1945"]
[PlyCount "34"]
[EventDate "2014.??.??"]
[WhiteTeam "SC Hansa Dortmund 2"]
[BlackTeam "SG Solingen 3"]

1. e4 d6 2. d4 Nf6 3. Nc3 g6 4. Bc4 Bg7 5. Be3 O-O 6. Qd2 Nxe4 7. Nxe4 d5 8.
Bd3 dxe4 9. Bxe4 Nd7 10. Ne2 Nf6 11. Bf3 c6 12. Bh6 Bg4 13. Bxg4 Bxh6 14. Qxh6
Qa5+ 15. c3 Nxg4 16. Qf4 Nf6 17. g4 Qd5 1/2-1/2